Skip to content
VuFind
Login
All Fields
Title
Author
Subject
Call Number
ISBN/ISSN
Tag
Find
Advanced
Sri lanka Criminal/
Cite this
Text this
Email this
Print
Export Record
Export to RefWorks
Export to EndNoteWeb
Export to EndNote
Export to MARC
Export to BibTeX
Export to RIS
Save to List
Permanent link
Sri lanka Criminal/
Saved in:
Bibliographic Details
Format:
Book
Language:
English
Tags:
Add Tag
No Tags, Be the first to tag this record!
Holdings
Description
Comments
Similar Items
Staff View
MARC
LEADER
00000nam a22000007a 4500
008
260105b |||||||| |||| 00| 0 eng d
041
|h
eng
245
|a
Sri lanka Criminal/
942
|c
REF
999
|c
32393
|d
32393
Similar Items
Criminal procedure in Sri Lanka
by: Peiris, G. L.
Published: (2009)
Criminal Procedure In Sri Lanka /
by: Peiris, G.L
Criminal Procedure in Sri Lanka /
by: Peiris, G.L
Criminal procedure in Sri Lanka
by: Peiris, G. L.
Published: (1998)
Criminal procedure in Sri Lanka
by: G.L.Peiris
Published: (1999)